000 00313nam a22001337a 4500
008 221121b ||||| |||| 00| 0 eng d
041 _aeng
080 _a575
082 _a575CRO
100 _a13
101 _aBIO
245 _aHISTORICAL STUDIES IN THE LANGUAGE OF CHEMISTRY
_cCROSLAND M.P
942 _2udc
_cBK
999 _c58969
_d58969